| 000 | 00375nam a2200157Ia 4500 | ||
|---|---|---|---|
| 005 | 20140405090439.0 | ||
| 008 | 140130s9999 xx 000 0 und d | ||
| 050 |
_aPZ 7 _b.W6685Ch 1982 |
||
| 245 |
_cVera B. Williams _aA Chair for my Mother |
||
| 260 |
_bScholastic, _c1982 |
||
| 440 |
_v1 _931174 |
||
| 521 | _aG4 | ||
| 526 | _c640 | ||
| 942 |
_cBK _2lcc |
||
| 999 |
_c40829 _d40829 |
||